banner koha

Osmotic adjustment in roots and leaves of two sorghum genotypes under NaCl stress (Registro n. 177925)

MARC details
000 -LÍDER
campo de controle de tamanho fixo 00890nas a2200313 4500
001 - NÚMERO DE CONTROLE
campo de controle BR0401282
003 - IDENTIFICADOR DO NÚMERO DE CONTROLE
campo de controle BR-BrBNA
005 - DATA E HORÁRIO DA ÚLTIMA TRANSAÇÃO
campo de controle 20231205104407.0
007 - CAMPO FIXO DE DESCRIÇÃO FÍSICA--INFORMAÇÃO GERAL
campo de controle de tamanho fixo ta
008 - CAMPO DE DADOS FIXOS--INFORMAÇÃO GERAL
campo de controle de tamanho fixo 230509b bl.|||p| |||| 00| 00por d
040 ## - FONTE DA CATALOGAÇÃO
Instituição da catalogação original BR-BrBNA
Idioma da catalogação por
Instituição que transcreveu o registro Biblioteca Nacional de Agricultura
041 ## - CÓDIGO DE IDIOMA
Código do idioma do texto/trilha sonora ou título diferente (En)
072 ## - CÓDIGO DE CATEGORIA DE ASSUNTO
Código de Categoria de Assunto F60
100 1# - ENTRADA PRINCIPAL--NOME PESSOAL
Nome pessoal Lacerda, C.F. de
100 1# - ENTRADA PRINCIPAL--NOME PESSOAL
Nome pessoal Cambraia, J.
100 1# - ENTRADA PRINCIPAL--NOME PESSOAL
Nome pessoal Oliva, M.A.
100 1# - ENTRADA PRINCIPAL--NOME PESSOAL
Nome pessoal Ruiz, H.A.
245 1# - TÍTULO
Título Osmotic adjustment in roots and leaves of two sorghum genotypes under NaCl stress
650 ## - ASSUNTO--TERMO TÓPICO
Cabeçalho tópico ou nome geográfico SORGO
650 ## - ASSUNTO--TERMO TÓPICO
Cabeçalho tópico ou nome geográfico ION
650 ## - ASSUNTO--TERMO TÓPICO
Cabeçalho tópico ou nome geográfico OSMOSE
650 ## - ASSUNTO--TERMO TÓPICO
Cabeçalho tópico ou nome geográfico SALINIDADE
650 ## - ASSUNTO--TERMO TÓPICO
Cabeçalho tópico ou nome geográfico GENÓTIPO
650 ## - ASSUNTO--TERMO TÓPICO
Cabeçalho tópico ou nome geográfico STRESS
650 ## - ASSUNTO--TERMO TÓPICO
Cabeçalho tópico ou nome geográfico SAL ORGÂNICO
773 0# - ENTRADA ANALÍTICA
Título Brazilian Journal of Plant Physiology (Brazil)
ISSN - International Standard Serial Number ISSN 1677-0420
Partes relacionadas (May-Aug 2003), v. 15(2) p. 113-118
Número de controle do registro BR0401282
909 ## -
-- 202311
-- Lúcia
-- 55
-- Lúcia Elande
942 ## - ELEMENTOS DE ENTRADA ADICIONADOS (KOHA)
Fonte da classificação ou esquema de arquivamento na estante Classificação AGRIS
Ocultar no OPAC Não
Tipo de material Koha Analítica
Exemplares
Situação do descarte Fonte da classificação ou esquema de arquivamento na estante Situação física Não pode ser emprestado Biblioteca de origem Biblioteca atual Localização na estante Enumeração do periódico / cronologia Total de empréstimos Data de último acesso Número do exemplar Tipo de material Koha Fonte de aquisição
  Classificação AGRIS   Consulta local Biblioteca Nacional de Agricultura - Binagri Biblioteca Nacional de Agricultura - Binagri   (May-Aug 2003), v. 15(2) p. 113-118   29/11/2023 01 Periódicos Portaria Interministerial nº 164/94

BINAGRI

Telefone: (61)3218-2567/2388/3357/2097 - binagri@agro.gov.br

Ministério da Agricultura e Pecuária , Esplanada dos Ministérios, Bloco D, Anexo B, Brasília/DF, CEP: 70.043-900